000 01134cam a22002894a 4500
001 13019763
005 20031023152303.0
008 021204s2004 njua 001 0 eng
010 _a 2002044552
020 _a142831109 (alk. paper)
020 _a9781428311008 (alk. paper)
040 _aDLC
_cDLC
_dDLC
042 _apcc
050 0 0 _aTP155.75
_b.F47 2004
082 0 0 _a660.2815
_221
_bTHO
100 1 _aThomas, Charles E.
_911420
245 1 0 _aProcess technology troubleshooting /
_cCharles E. Thomas.
260 _a[USA]. :
_bDelmar,
_cc.2009.
300 _a460p. :
_bill. ;
_c31 cm.
500 _aIncludes index.
650 0 _aChemical process control.
_911421
700 1 _aFelder, Thomas D.
_911422
700 1 _aGarrett, E. Lamar.
_911423
942 _2ddc
_cBB
999 _c13400
_d13400